Význam subintegračního seskupení OECS v kontextu vývoje HDP jeho členů

Komparatívna analýza vývoja HDP členských aj nečlenských krajín OESC (Organizácia východokaribských štátov) pred a po vzniku subintegračného zoskupenia. Cielená podpora zoskupovania v rámci politiky Európskej únie.

Na minha lista:
Detalhes bibliográficos
Autor principal: Zdražil, Pavel
Formato: Capítulo de Livro
Idioma:tcheco
Assuntos:
Tags: Adicionar Tag
Sem tags, seja o primeiro a adicionar uma tag!

MARC

LEADER 00000naa a2200000 4500
001 0193934
005 20231116110730.9
041 0 |a cze 
044 |a CZ 
245 1 0 |a Význam subintegračního seskupení OECS v kontextu vývoje HDP jeho členů  |c Pavel Zdražil 
520 |a Komparatívna analýza vývoja HDP členských aj nečlenských krajín OESC (Organizácia východokaribských štátov) pred a po vzniku subintegračného zoskupenia. Cielená podpora zoskupovania v rámci politiky Európskej únie. 
610 2 0 |a zóny hospodárske zvláštne 
610 2 0 |a Karibská oblasť 
610 2 0 |a zoskupenia integračné medzinárodné 
610 2 0 |a Európska únia 
610 2 0 |a produkt domáci hrubý 
100 1 |a Zdražil, Pavel